000 00671nas a2200229 i 4500
001 2444
003 ES-MaACL
005 20250903000534.0
008 950801c1885 cl | | 1 ||pa d
245 0 0 _aRevista de marina /
_cCírculo Naval.
260 _aValparaiso [Chile] :
_bCírculo Naval,
_c1885.
300 _a6 v. ;
_c24 cm.
310 _aMensual
362 0 _aN. 1 (jul. 1885)
650 7 _aIngeniería naval
_2embne
_9136290
650 4 _aMarina de guerra-
_zChile.
_9164926
710 2 _aCírculo Naval (Valparaíso, Chile)
_92837
852 _aES-MaACL
_jG-6608-13
866 0 _o(1886)1887(1888)1889.
942 _2udc
999 _c2444
_d2444